01977nam a2200301Ia 4500008004100000020001400041020001400055020001800069020001800087040001800105041000800123245008500131260007400216300003600290504005300326505088200379650005201261650006001313650003601373650001801409650002301427650004701450650001401497650003801511700001901549700002901568856007801597130821s2006 xxua gr eng  a226114082 a226114090 a9780226114088 a9780226114095 aCo-BoUCMbspa00aeng00aLaw and disorder in the postcolonyceditado por Jean Comaroff y John L. Comaroff aChicago (Illinois, estados Unidos)bUniversity of Chicago Pressc2006 ax, 357 páginasbilustraciones aIncluye referencias bibliográficas e índice.0 aLaw and disorder in the postcolony: an introduction / John L. Comaroff and Jean Comaroff. -- The mute and the unspeakable: political subjectivity, violent, crime, and "the sexual thing" in a South African mining community / Rosalind C. Morris. -- "I came to sabotage your reasoning!": violence and resignifications of justice in Brazil / Teresa P.R. Caldeira. -- Death squads and democracy in Northeast Brazil / Nancy Scheper-Hughes. -- Some notes on disorder in the Indonesian postcolony / Patricia Spyer. -- Witchcraft and the limits of the law: Cameroon and South Africa / Peter Geschiere. -- The ethics of illegality in the Chad Basin / Janet Roitman. -- Criminal obsessions, after foucault: postcoloniality, policing, and the metaphysics of disorder / Jean Comaroff and John L. Comaroff. -- On politics as a form of expenditure / Achille Mbembe. -- Contributors. -- Index.04aAntropología criminalzPaíses en desarrollo04aCrimenxAspectos sociológicoszPaíses en desarrollo04aDelitoszPaíses en desarrollo04aDerecho penal04aProblemas sociales04aProblemas socialeszPaíses en desarrollo04aViolencia04aViolenciazPaíses en desarrollo1 aComaroff, Jean1 aComaroff, John L.d1945-413Tabla de contenidouhttp://www.loc.gov/catdir/toc/ecip069/2006006541.html